| 000 | 01516nam a2200373Ia 4500 | ||
|---|---|---|---|
| 001 | ebr10347249 | ||
| 003 | CaPaEBR | ||
| 006 | m u | ||
| 007 | cr cn||||||||| | ||
| 008 | 090305s2009 maua sb 001 0 eng d | ||
| 010 | _z 2009009084 | ||
| 020 | _z9780262013338 (hardcover : alk. paper) | ||
| 040 |
_aCaPaEBR _cCaPaEBR |
||
| 035 | _a(OCoLC)646857119 | ||
| 050 | 1 | 4 |
_aGN60 _b.I56 2009eb |
| 082 | 0 | 4 |
_a599.9 _222 |
| 245 | 0 | 0 |
_aInnovation in cultural systems _h[electronic resource] : _bcontributions from evolutionary anthropology / _cedited by Michael J. O'Brien and Stephen J. Shennan. |
| 260 |
_aCambridge, Mass. ; _aLondon : _bMIT Press, _c2009. |
||
| 300 |
_axi, 284 p. : _bill. |
||
| 490 | 1 | _aVienna series in theoretical biology | |
| 504 | _aIncludes bibliographical references and index. | ||
| 533 |
_aElectronic reproduction. _bPalo Alto, Calif. : _cebrary, _d2011. _nAvailable via World Wide Web. _nAccess may be limited to ebrary affiliated libraries. |
||
| 650 | 0 | _aPhysical anthropology. | |
| 650 | 0 | _aHuman evolution. | |
| 650 | 0 | _aSocial evolution. | |
| 650 | 0 |
_aHuman beings _xOrigin. |
|
| 650 | 0 | _aTechnological innovations. | |
| 655 | 7 |
_aElectronic books. _2local |
|
| 700 | 1 |
_aO'Brien, Michael J. _q(Michael John), _d1950- |
|
| 700 | 1 | _aShennan, Stephen. | |
| 710 | 2 | _aebrary, Inc. | |
| 830 | 0 | _aVienna series in theoretical biology. | |
| 856 | 4 | 0 |
_uhttp://site.ebrary.com/lib/rucke/Doc?id=10347249 _zAn electronic book accessible through the World Wide Web; click to view |
| 999 |
_c33716 _d33716 |
||